000 00516cam a22002054a 4500
005 20250605164255.0
008 250528s ||||||||||||||||||||||||d
035 _a21909
020 _a9780194344991
040 _aGR-AtMCL
_bgre
_dGR-AtMCL
_eAACR2
245 1 _aOXFORD GREEK-ENGLISH LEARNER'S DICTIONARY
250 _a1
260 _bOxford University Press,
_c1987
300 _a1019
700 1 _aHornby A.S
_92864
700 1 _aStavropoulos D.N
_92865
942 _cBK
999 _c6966
_d6966